| 000 | 00388nam a2200121Ia 4500 | ||
|---|---|---|---|
| 008 | 220216s9999 xx 000 0 und d | ||
| 100 | _aOno K | ||
| 245 | 0 | _aPercolation concept as applied to rubber physics and chemistry | |
| 260 | _bProceedings of the International Rubber Conference, Kobe, Japan, 1995; p572-575 | ||
| 650 | _aRubber chemistry | ||
| 650 | _aRubber physics | ||
| 942 | _cJS | ||
| 999 |
_c64676 _d64676 |
||